| 000 | 00903nam a2200253 i 4500 | ||
|---|---|---|---|
| 001 | 5967 | ||
| 003 | ES-MaACL | ||
| 005 | 20230906144741.0 | ||
| 008 | 890619s1984 fr ||||1| fre d | ||
| 020 | _a2-07-023248-4 | ||
| 080 | _a7.034:945.632 R."1527" | ||
| 080 | _a945.632 R."1527":7.034 | ||
| 100 | 1 |
_aChastel, André. _938168 |
|
| 245 | 1 | 3 |
_aLe sac de Rome, 1527 _b: du premier Maniérisme a la Contre-Réforme / _cAndré Chastel. |
| 260 |
_aParis : _bGallimard, _c1984. |
||
| 300 |
_a369 p. : _bil. ; _c23 cm. |
||
| 490 | 1 | _aBibliothèque illustrée des histoires | |
| 504 | _aBibliografía: p. 333-354. | ||
| 650 | 1 | 4 |
_aObras de arte- _xMutilación, destrucción, etc.- _zRoma (Ciudad) _9138169 |
| 651 | 4 |
_aRoma (Ciudad)- _xHistoria- _y1527 (Saco) _9138170 |
|
| 830 | 1 |
_aBibliothèque illustrée des histoires _9177490 |
|
| 852 |
_aES-MaACL _jL-13087 _z- Enc. tela. |
||
| 999 |
_c5967 _d5967 |
||